[Event "Pardubice op rapid 30th"]
[Site "Pardubice"]
[Date "2019.07.19"]
[Round "9"]
[White "Rakshitta, Ravi"]
[Black "Sysolyatin, Evgeny Valerievich"]
[Result "1-0"]
[WhiteElo "2112"]
[BlackElo "2271"]
[PlyCount "59"]
[EventDate "2019.07.17"]
[EventType "swiss (rapid)"]
[EventRounds "9"]
[EventCountry "CZE"]
[SourceTitle "CBM 191 Extra"]
[Source "ChessBase"]
[SourceDate "2019.09.30"]
[SourceVersion "1"]
[SourceVersionDate "2019.09.30"]
[SourceQuality "1"]

1. e4 e5 2. Nf3 Nc6 3. Bc4 Bc5 4. 0-0 Nf6 5. d4 Bxd4 6. Nxd4 Nxd4 7. f4 d6 8. fxe5 dxe5 9. Bg5 Be6 10. Na3 Bxc4 11. Nxc4 Nc6 12. Bxf6 gxf6 13. c3 Qxd1 14. Raxd1 Rd8 15. Rxd8+ Kxd8 16. Ne3 Kd7 17. Rxf6 Rf8 18. Ng4 Ke7 19. Rh6 Rd8 20. h4 Rd1+ 21. Kh2 Rd2 22. Rxh7 Rxb2 23. h5 Rxa2 24. h6 Rd2 25. Rh8 f5 26. exf5 Kf7 27. f6 Kg6 28. Rg8+ Kh7 29. Rg7+ Kh8 30. f7 1-0

[Event "Pardubice op rapid 30th"]
[Site "Pardubice"]
[Date "2019.07.18"]
[Round "6"]
[White "Sysolyatin, Evgeny Valerievich"]
[Black "Novik, Maxim"]
[Result "0-1"]
[WhiteElo "2271"]
[BlackElo "2450"]
[PlyCount "64"]
[EventDate "2019.07.17"]
[EventType "swiss (rapid)"]
[EventRounds "9"]
[EventCountry "CZE"]
[SourceTitle "CBM 191 Extra"]
[Source "ChessBase"]
[SourceDate "2019.09.30"]
[SourceVersion "1"]
[SourceVersionDate "2019.09.30"]
[SourceQuality "1"]

1. e4 c6 2. d4 d5 3. e5 Bf5 4. Nf3 e6 5. Be2 Nd7 6. 0-0 Ne7 7. b3 Ng6 8. c4 f6 9. Bb2 Be7 10. Nbd2 0-0 11. h3 Nf4 12. Re1 Qe8 13. Bf1 fxe5 14. Nxe5 Nxe5 15. Rxe5 Qg6 16. Kh1 Bd3 17. Re3 Bxf1 18. Qxf1 Bd6 19. Nf3 Rf6 20. Ne5 Bxe5 21. dxe5 Rf7 22. Bd4 b6 23. cxd5 Nxd5 24. Rd3 c5 25. Be3 Raf8 26. f3 Qh5 27. Bg1 Nf4 28. Re3 Rd7 29. Bh2 Nd5 30. Rd3 Rdf7 31. Re1 Qf5 32. Re4 Qxe4 0-1

[Event "Heart of Finland op 27th"]
[Site "Jyvaskyla"]
[Date "2017.07.20"]
[Round "6"]
[White "Kunin, Vitaly L"]
[Black "Sysolyatin, Evgeny Valerievich"]
[Result "0-1"]
[WhiteElo "2571"]
[BlackElo "2289"]
[PlyCount "123"]
[EventDate "2017.07.17"]
[EventType "swiss"]
[EventRounds "9"]
[EventCountry "FIN"]
[SourceTitle "CBM 179 Extra"]
[Source "ChessBase"]
[SourceDate "2017.08.23"]
[SourceVersion "1"]
[SourceVersionDate "2017.08.23"]
[SourceQuality "1"]

1. d4 d5 2. c4 c6 3. Nf3 Nf6 4. Nc3 a6 5. a4 g6 6. e3 Bg7 7. h3 a5 8. Be2 Na6 9. 0-0 Nb4 10. Na2 Nxa2 11. Rxa2 0-0 12. Bd2 Ne4 13. b4 Nxd2 14. Qxd2 axb4 15. Qxb4 e6 16. Rb1 Qa5 17. Qxa5 Rxa5 18. Nd2 Ra7 19. a5 Bd7 20. Rab2 Bc8 21. Ra2 Bd7 22. Rb6 Rfa8 23. Nb3 Bf8 24. c5 Be7 25. f4 Bd8 26. g4 h6 27. Kf2 Kf8 28. Kf3 f5 29. Bd3 Kf7 30. Ke2 Kf6 31. Kd2 g5 32. gxf5 exf5 33. a6 bxa6 34. Na5 Rc8 35. Rab2 Be8 36. Kc3 Bd7 37. Bc2 Be8 38. Ba4 Re7 39. Kd3 Bxb6 40. cxb6 c5 41. fxg5+ hxg5 42. Bxe8 c4+ 43. Kc2 Rcxe8 44. b7 Rb8 45. Rb6+ Re6 46. Rxe6+ Kxe6 47. Nc6 Rxb7 48. Nd8+ Kf6 49. Nxb7 g4 50. hxg4 fxg4 51. Kd1 c3 52. Nc5 c2+ 53. Kxc2 g3 54. Nd7+ Kf5 55. Ne5 Ke4 56. Nd3 Kxe3 57. Ne1 Kf2 58. Nd3+ Kf1 59. Nf4 g2 60. Nxd5 g1Q 61. Kd3 Qg6+ 62. Kd2 0-1